Changing the way we work (Record no. 84216)
[ view plain ]
| 000 -LEADER | |
|---|---|
| fixed length control field | 01052cad a22002055a 4500 |
| 001 - CONTROL NUMBER | |
| control field | L159974 |
| 008 - FIXED-LENGTH DATA ELEMENTS--GENERAL INFORMATION | |
| fixed length control field | 120803s2012 xxk 000 0 eng d |
| 035 ## - SYSTEM CONTROL NUMBER | |
| System control number | (Sirsi) u156974 |
| 041 0# - LANGUAGE CODE | |
| Language code of text/sound track or separate title | eng |
| 110 2# - MAIN ENTRY--CORPORATE NAME | |
| Corporate name or jurisdiction name as entry element | London Chamber of Commerce and Industry |
| 9 (RLIN) | 3039 |
| 245 00 - TITLE STATEMENT | |
| Title | Changing the way we work |
| Remainder of title | the role teleworking can play in how, when and where we work - July 2012 |
| 260 ## - PUBLICATION, DISTRIBUTION, ETC. | |
| Place of publication, distribution, etc. | London |
| Name of publisher, distributor, etc. | LCCI |
| -- | Harvey Nash |
| Date of publication, distribution, etc. | 2012 |
| 520 ## - SUMMARY, ETC. | |
| Summary, etc. | Research from recruitment specialists Harvey Nash and the London Chamber of Commerce and Industry shows that around 80% of London businesses offer their employees teleworking options, saving the firms annual costs of £3 000 to £100 000. The report also gives advice on the benefits of teleworking, teleworking best practice and the importance of the right company culture. |
| 590 ## - LOCAL NOTE (RLIN) | |
| Local note | KA NTK |
| 651 #4 - SUBJECT ADDED ENTRY--GEOGRAPHIC NAME | |
| Geographic name | London |
| 690 ## - LOCAL SUBJECT ADDED ENTRY--TOPICAL TERM (OCLC, RLIN) | |
| Topical term or geographic name as entry element | Business and management |
| 710 ## - ADDED ENTRY--CORPORATE NAME | |
| Corporate name or jurisdiction name as entry element | Harvey Nash Group |
| 9 (RLIN) | 6103 |
| 856 40 - ELECTRONIC LOCATION AND ACCESS | |
| Uniform Resource Identifier | <a href="https://www.londonchamber.co.uk/docimages/10525.pdf">https://www.londonchamber.co.uk/docimages/10525.pdf</a> |
| Public note | View the report at www.londonchamber.co.uk |
| 942 ## - ADDED ENTRY ELEMENTS (KOHA) | |
| Suppress in OPAC | 0 |
| Withdrawn status | Lost status | Source of classification or shelving scheme | Damaged status | Not for loan | Home library | Current library | Shelving location | Date acquired | Total Checkouts | Full call number | Barcode | Date last seen | Copy number | Price effective from | Koha item type |
|---|---|---|---|---|---|---|---|---|---|---|---|---|---|---|---|
| Dewey Decimal Classification | Virtual | Virtual | Online | 03/08/2012 | ONLINE PUBLICATION | 159974-2001 | 06/08/2019 | 1 | 06/08/2019 | Book |